Normal view
MARC view
- History of Afghan
Entry Topical Term
001 - CONTROL NUMBER
- control field: 111714
003 - CONTROL NUMBER IDENTIFIER
- control field: NUST
005 - DATE AND TIME OF LATEST TRANSACTION
- control field: 20230404112938.0
008 - FIXED-LENGTH DATA ELEMENTS
- fixed length control field: 230404|| aca||aabn | a|a d
040 ## - CATALOGING SOURCE
- Original cataloging agency: NUST
- Transcribing agency: NUST
150 ## - HEADING--TOPICAL TERM
- Topical term or geographic name entry element: History of Afghan
670 ## - SOURCE DATA FOUND
- Source citation: Work cat.: (NUST)186299: Fraser-Tytler, 111713, Afghanistan: A study of political developments in central and southern Asia / , 1967.
